[Event "AUTO-ADV-4217"]
[Site "http://www.queenalice.com/game.php?id=1579826"]
[Date "2019.8.9"]
[Round "1"]
[White "Prosperidade"]
[Black "Rod_"]
[Result "1-0"]
[WhiteElo "1876"]
[BlackElo "1758"]

1. d4 d5 2. c4 Nf6 3. cxd5 Nxd5 4. Nc3 e6 5. Nf3 Bb4 6. Bd2 Bxc3 7. bxc3 O-O 8.
e4 Nb6 9. Bd3 c6 10. O-O f6 11. a4 f5 12. exf5 exf5 13. Qb3+ Nd5 14. Rfe1 b6 15.
c4 Nc7 16. Bg5 Qd6 17. c5+ Qd5 18. Bc4 Be6 19. Bxd5 Bxd5 20. Qc3 Nd7 21. Re7 Rf7
22. Rxf7 Bxf7 23. cxb6 axb6 24. Qxc6 Bd5 25. Qxd7 Bxf3 26. Qxc7 Be4 27. Qxb6 h6
28. Bf4 Kh7 29. f3 Bd3 30. Be5 Ra6 31. Qc7 1-0

[Event "AUTO-ADV-4217"]
[Site "http://www.queenalice.com/game.php?id=1579827"]
[Date "2019.8.9"]
[Round "1"]
[White "Rod_"]
[Black "Prosperidade"]
[Result "0-1"]
[WhiteElo "1771"]
[BlackElo "1851"]

1. e4 e5 2. Nf3 d6 3. c4 c5 4. Nc3 Nf6 5. d3 h6 6. g3 Nc6 7. Bg2 Be7 8. Nh4 O-O
9. Nd5 Nd4 10. Nf5 Bxf5 11. exf5 Rb8 12. Nxf6+ Bxf6 13. O-O Nxf5 14. Qg4 Qc8 15.
Be4 Nd4 16. h3 Qxg4 17. hxg4 b5 18. cxb5 Rxb5 19. Rb1 Ne2+ 20. Kg2 Nxc1 21.
Rfxc1 Rd8 22. Bf5 Bg5 23. Rc3 d5 24. Re1 Bd2 25. Rxc5 Rxc5 26. Rxe5 Rc2 27. d4
Rxb2 28. g5 Bxg5 0-1

[Event "AUTO-ADV-4217"]
[Site "http://www.queenalice.com/game.php?id=1579840"]
[Date "2019.8.9"]
[Round "1"]
[White "Rod_"]
[Black "ThiagoSousa"]
[Result "1-0"]
[WhiteElo "1711"]
[BlackElo "1750"]

1. e3 e5 2. g3 Nf6 3. d3 Bd6 4. Bg2 Nc6 5. a3 b6 6. Nc3 Bb7 7. Bd2 O-O 8. Ne4
Qe7 9. Nxf6+ Qxf6 10. Ne2 Rae8 11. O-O e4 12. Bxe4 Qxb2 13. Bc3 Qb5 14. Nf4 Qa4
15. Qg4 g6 16. Bxc6 Bxc6 17. Rfc1 Bxf4 18. exf4 Re6 19. Qg5 f6 20. Qh6 Rf7 21.
f5 Rd6 22. fxg6 hxg6 23. Qxg6+ Kf8 24. Bb4 Qb5 25. Bxd6+ cxd6 26. c4 Qe5 27. Re1
Qc3 28. Qh6+ Rg7 29. h4 d5 30. Rac1 Qxd3 31. Qxf6+ Rf7 32. Qh8# 1-0

[Event "AUTO-ADV-4217"]
[Site "http://www.queenalice.com/game.php?id=1579841"]
[Date "2019.8.9"]
[Round "1"]
[White "ThiagoSousa"]
[Black "Rod_"]
[Result "0-1"]
[WhiteElo "1743"]
[BlackElo "1769"]

1. e4 e5 2. d3 Nc6 3. Nf3 d6 4. Be2 Nd4 5. O-O Bg4 6. Be3 c5 7. Nxd4 Bxe2 8.
Qxe2 cxd4 9. Bd2 Nf6 10. Bg5 h6 11. Bxf6 Qxf6 12. Nd2 b5 13. Nb3 Be7 14. Na5 O-O
15. Nc6 Rfc8 16. Nb4 Qg6 17. Nd5 Bf6 18. b3 h5 19. h3 Bg5 20. f4 exf4 21. Rxf4
Qe6 22. Rf5 Be3+ 23. Kh1 g6 24. Rf6 Qd7 25. Raf1 Rf8 26. Nxe3 dxe3 27. Qxe3 b4
28. Qd4 Qc6 29. R1f2 Qa6 30. c3 bxc3 31. Qxc3 Rac8 32. Qd4 Rcd8 33. a4 Qb6 34.
Qxb6 axb6 35. b4 Kg7 36. a5 bxa5 37. bxa5 Rd7 38. R6f3 Ra7 39. Ra2 Rd8 40. d4
Kf8 41. e5 d5 42. Re3 Ke7 43. Rc3 Ke6 44. Rc6+ Kd7 45. Rb6 Ke7 46. a6 Rdd7 47.
Rab2 h4 48. R2b5 Kd8 49. e6 fxe6 50. Rxe6 Kc7 0-1

[Event "AUTO-ADV-4217"]
[Site "http://www.queenalice.com/game.php?id=1579842"]
[Date "2019.8.9"]
[Round "1"]
[White "Rod_"]
[Black "leo2dipikke"]
[Result "1-0"]
[WhiteElo "1713"]
[BlackElo "1709"]

1. e3 e5 2. d3 Nf6 3. c4 c5 4. e4 d6 5. Bg5 Be7 6. Nc3 O-O 7. Bxf6 Bxf6 8. Nd5
Nc6 9. Nf3 Bg4 10. h3 Bh5 11. Be2 b5 12. a3 Bxf3 13. Bxf3 bxc4 14. dxc4 Qa5+ 15.
Nc3 Nd4 16. O-O Nxf3+ 17. Qxf3 Rab8 18. Rab1 Rb3 19. Qd1 Rfb8 20. Nb5 a6 21.
Qxb3 axb5 22. cxb5 Rxb5 23. Qd1 Qb6 24. Qa4 g6 25. Rfd1 Be7 26. Qa8+ Kg7 27. a4
Ra5 28. Qd5 Rxa4 29. h4 Ra2 30. Qxa2 1-0

[Event "AUTO-ADV-4217"]
[Site "http://www.queenalice.com/game.php?id=1579843"]
[Date "2019.8.9"]
[Round "1"]
[White "leo2dipikke"]
[Black "Rod_"]
[Result "1-0"]
[WhiteElo "1687"]
[BlackElo "1708"]

1. e4 d6 2. d4 e6 3. Nf3 c6 4. c4 h6 5. Nc3 Nf6 6. e5 Nfd7 7. Be2 dxe5 8. dxe5
Bb4 9. Bd2 f6 10. a3 Bxc3 11. Bxc3 O-O 12. O-O f5 13. Qd6 Nb6 14. Rfd1 Bd7 15.
Bb4 Re8 16. Nd4 Na6 17. Ba5 Qc7 18. Qxc7 Nxc7 19. c5 Nbd5 20. Nf3 b6 21. cxb6
axb6 22. Bd2 b5 23. Rac1 Kh7 24. Nd4 Ra6 25. Rc5 f4 26. Rdc1 g6 27. f3 g5 28.
Bd3+ Kg7 29. Nxc6 Bxc6 30. Rxc6 Rxc6 31. Rxc6 h5 32. Rc5 Rb8 33. Ba5 Rb7 34. Be4
Rb8 35. Bxc7 Nxc7 36. Rxc7+ Kf8 37. Rb7 Rxb7 38. Bxb7 Ke7 39. Bc6 h4 40. h3 Kd8
41. Kf2 Kc7 42. Bxb5 Kb6 43. a4 Ka5 44. Ke2 Kb4 45. Kd3 1-0

[Event "Challenge"]
[Site "http://www.queenalice.com/game.php?id=1580150"]
[Date "2019.8.13"]
[Round "-"]
[White "Rod_"]
[Black "crisvolei"]
[Result "0-1"]
[WhiteElo "1729"]
[BlackElo "1616"]

1. e3 e5 2. Nc3 d5 3. e4 d4 4. Nd5 c6 5. Bc4 cxd5 6. Bxd5 Qf6 7. d3 Bb4+ 8. Bd2
Bxd2+ 9. Qxd2 Ne7 10. Nf3 Nxd5 11. c4 dxc3 12. bxc3 Nf4 13. O-O Qg6 14. Nh4 Qg4
15. f3 Qxh4 16. g3 Nh3+ 17. Kh1 Qh5 18. a4 a5 19. c4 Nc6 20. Rab1 Nd4 21. f4 Nf3
22. Qe2 exf4 23. Rxf3 Bg4 0-1

[Event "Challenge"]
[Site "http://www.queenalice.com/game.php?id=1580151"]
[Date "2019.8.13"]
[Round "-"]
[White "crisvolei"]
[Black "Rod_"]
[Result "0-1"]
[WhiteElo "1601"]
[BlackElo "1691"]

1. e4 e5 2. d4 exd4 3. Qxd4 d6 4. Nc3 Be6 5. Nd5 Bxd5 6. Qxd5 Nc6 7. Bb5 Nf6 8.
Bxc6+ bxc6 9. Qxc6+ Nd7 10. Bf4 Be7 11. e5 O-O 12. O-O-O Bg5 13. Nh3 Bxf4+ 14.
Nxf4 Nxe5 15. Qd5 c6 16. Qxd6 Qxd6 17. Rxd6 Rac8 18. Nd3 Nxd3+ 19. Rxd3 c5 20.
c4 Rfe8 21. f4 Re2 22. g4 g6 23. h4 Rf2 24. f5 gxf5 25. g5 f4 26. h5 Re8 27. Rd5
Rfe2 28. Rhd1 f3 29. R1d2 f2 30. Rf5 Re1+ 31. Kc2 f1=Q 32. Rxf1 Rxf1 33. Rd5
Rf2+ 34. Kb3 Rc8 35. Rd7 Rf5 36. g6 hxg6 37. hxg6 fxg6 38. Rxa7 g5 39. a4 g4 40.
Ra6 g3 41. Rg6+ Kf7 42. Rxg3 Rb8+ 43. Kc3 Rb4 44. b3 Rb6 45. Rd3 Ke7 46. Kd2 Rd6
47. a5 Rxd3+ 48. Kxd3 Kd7 49. a6 Kc7 50. Ke4 Rh5 51. a7 Kb7 52. a8=Q+ Kxa8 53.
Kd3 Kb7 54. Kc2 Rh3 55. Kb2 Kb6 56. Ka3 Ka5 57. Kb2 Kb4 58. Kc2 Rxb3 59. Kd2
Kxc4 60. Kc2 Kb4 61. Kd2 c4 0-1

[Event "|||||||||"]
[Site "http://www.queenalice.com/game.php?id=1581086"]
[Date "2019.8.23"]
[Round "-"]
[White "Rod_"]
[Black "jujubeesloco"]
[Result "1-0"]
[WhiteElo "1743"]
[BlackElo "1723"]

1. e3 d5 2. Nf3 e6 3. Nc3 c5 4. b3 Be7 5. g3 Nf6 6. h3 O-O 7. Bd3 Nc6 8. Bb2 a6
9. Ng5 g6 10. h4 d4 11. exd4 cxd4 12. Nce4 b5 13. Nxf6+ Bxf6 14. Be4 Qb6 15. d3
Qa5+ 16. Kf1 Bb7 17. Qf3 Bxg5 18. hxg5 Rab8 19. Bxc6 Bxc6 20. Qxc6 Rfc8 21. Qe4
Rxc2 22. Bxd4 Rbc8 23. Rxh7 Kf8 24. Rh8+ Ke7 25. Bf6+ Kd6 26. Qd4+ Kc7 27. Be5+
Kb7 28. Qe4+ Kb6 29. Rxc8 Rxc8 30. Qd4+ Kb7 31. Qd7+ Rc7 32. Bxc7 Qxc7 33. Qxc7+
Kxc7 34. Rc1+ Kd6 35. Ke2 Ke5 36. Rc7 f5 37. gxf6 Kxf6 38. Ra7 1-0

[Event "Challenge"]
[Site "http://www.queenalice.com/game.php?id=1581771"]
[Date "2019.8.29"]
[Round "-"]
[White "WLAO"]
[Black "Rod_"]
[Result "0-1"]
[WhiteElo "1635"]
[BlackElo "1729"]

1. e4 d6 2. d4 Nf6 3. Nd2 Nc6 4. d5 Ne5 5. Bd3 b6 6. Ngf3 Bg4 7. Be2 Bxf3 8.
gxf3 e6 9. Bb5+ Ke7 10. b3 a6 11. Bc6 Nxc6 12. dxc6 b5 13. Bb2 e5 14. Qe2 Qe8
15. O-O-O Qxc6 16. Qd3 a5 17. Kb1 a4 18. Ka1 axb3 19. Qxb3 g6 20. Qb4 Ra4 21.
Qc3 Qb6 22. Nb3 Bh6 23. Rd3 Rc4 24. Qd2 Bxd2 25. Rxd2 Ra8 26. Rhd1 Qa7 27. a3 b4
28. a4 Qxa4+ 29. Kb1 Qa2+ 30. Kc1 Nd7 31. Rd3 Nb6 32. f4 exf4 33. Nd2 Rc6 34.
Rb3 Qa5 35. Nf3 Na4 0-1

[Event "Challenge"]
[Site "http://www.queenalice.com/game.php?id=1582267"]
[Date "2019.9.2"]
[Round "-"]
[White "AuntieRenie"]
[Black "Rod_"]
[Result "0-1"]
[WhiteElo "1630"]
[BlackElo "1758"]

1. c4 d6 2. d4 Bf5 3. Nc3 e6 4. Nf3 a6 5. d5 Nh6 6. e4 Bg4 7. Qa4+ Nd7 8. Qb3
Nc5 9. Qc2 Bxf3 10. gxf3 Qf6 11. Be2 e5 12. b4 Nd7 13. h4 c5 14. bxc5 dxc5 15.
Bb2 Bd6 16. Rb1 Qg6 17. Qa4 Qg2 18. Rf1 Ke7 19. Kd2 b5 20. Nxb5 axb5 21. Qb3 b4
22. Qe3 Rxa2 23. Qb3 Rha8 24. Qc2 g5 25. hxg5 Qxg5+ 26. Kd3 f5 27. Rg1 Qf6 28.
Qd1 fxe4+ 29. Kxe4 Qh4+ 30. Ke3 Nf5+ 31. Kd2 Qxf2 32. Qf1 Qd4+ 33. Ke1 Rxb2 34.
Rd1 Qc3+ 35. Kf2 Qe3+ 36. Ke1 Nd4 37. Rg7+ Ke8 38. Rg8+ Nf8 39. Rd3 Ra1+ 0-1

[Event "Bigchess"]
[Site "http://www.queenalice.com/game.php?id=1583558"]
[Date "2019.9.16"]
[Round "5"]
[White "caradepau"]
[Black "Rod_"]
[Result "1-0"]
[WhiteElo "1632"]
[BlackElo "1747"]

1. e4 e5 2. Bc4 Nc6 3. Qf3 Qf6 4. a3 Nd4 5. Qc3 a6 6. Ne2 Nxe2 7. Bxe2 d6 8.
Qxc7 Be7 9. Nc3 Bd8 10. Qc4 Ne7 11. d3 O-O 12. h3 Be6 13. Qb4 b6 14. Qxd6 Nc8
15. Qc6 Rb8 16. Be3 Na7 17. Qa4 a5 18. Nb5 Nxb5 19. Qxb5 Qg6 20. g4 h6 21. b4
Bc7 22. bxa5 bxa5 23. Qa6 h5 24. gxh5 Qg2 25. Kd2 Ra8 26. Qb5 Rfd8 27. Rag1 Qxe4
28. h6 g6 29. Bg4 Bxg4 30. hxg4 Kh7 31. Kc3 Qd5 32. Qxd5 Rxd5 33. Rf1 Bd6 34.
Kc4 Rd4+ 35. Bxd4 exd4 36. Kxd4 Bxa3 37. g5 Rd8+ 38. Ke4 Re8+ 39. Kf3 Bb4 40. c4
Rd8 41. Rd1 a4 42. d4 a3 43. Rb1 Rb8 44. c5 a2 45. Rb2 a1=Q 46. Rxa1 Bc3 47.
Rxb8 Bxa1 48. d5 Be5 49. d6 1-0

[Event "Let's Play Chess!"]
[Site "http://www.queenalice.com/game.php?id=1583620"]
[Date "2019.9.16"]
[Round "-"]
[White "Rod_"]
[Black "rumplestiltskin"]
[Result "0-1"]
[WhiteElo "1699"]
[BlackElo "1751"]

1. e4 c5 2. d4 cxd4 3. Qxd4 Nc6 4. Qe3 e5 5. Nc3 Nf6 6. a3 Ng4 7. Qg3 h5 8. h3
Nf6 9. Bg5 Be7 10. Bd3 g6 11. Nd5 a6 12. Nf3 d6 13. h4 Nxd5 14. exd5 Nd4 15. O-O
Nxf3+ 16. Qxf3 Bg4 17. Qe3 f6 18. Bxg6+ Kf8 19. Bh6+ Kg8 20. f3 f5 21. Bg5 Bxg5
22. hxg5 f4 23. Qe4 Qxg5 24. fxg4 Qxg4 25. c4 Rf8 26. b4 Rh6 27. Bxh5 Rxh5 28.
c5 dxc5 29. bxc5 Rf7 30. d6 Rfh7 31. Kf2 Qg3+ 32. Ke2 Qg4+ 33. Rf3 Qxg2+ 34. Kd3
Qg4 35. Qd5+ Kh8 36. Raf1 Qg6+ 37. Kc3 Rd7 38. Kc4 Qc2+ 39. Kb4 Qb2+ 40. Qb3 Rh2
41. Qxb2 Rxb2+ 42. Ka5 Kg7 43. Rg1+ Kf6 44. Rh1 b6+ 0-1

[Event "(X)(X)(X)(X)"]
[Site "http://www.queenalice.com/game.php?id=1584561"]
[Date "2019.9.24"]
[Round "-"]
[White "jujubeesloco"]
[Black "Rod_"]
[Result "0-1"]
[WhiteElo "1660"]
[BlackElo "1707"]

1. e4 e5 2. Nf3 Nc6 3. a3 d5 4. exd5 Qxd5 5. c4 Qd6 6. Be2 Nd4 7. Nxd4 Qxd4 8.
O-O Bd6 9. Nc3 a6 10. d3 h6 11. Nd5 Be6 12. Ne3 Nf6 13. Nc2 Qh4 14. Bf3 O-O 15.
h3 c6 16. Re1 Bc5 17. Be3 Bxe3 18. Rxe3 g6 19. Rxe5 Nd7 20. Re4 Qg5 21. Qe2 Bxh3
22. g3 f5 23. Rh4 Bg4 24. Bxg4 fxg4 25. Rxg4 Qh5 26. f3 Rae8 27. Qd2 Rxf3 28.
Rh4 Rxg3+ 29. Kf1 Qxh4 30. Ne1 Qh3+ 31. Ng2 Qh1+ 32. Kf2 Qxg2# 0-1

[Event "Challenge"]
[Site "http://www.queenalice.com/game.php?id=1586080"]
[Date "2019.10.7"]
[Round "-"]
[White "Palmeiras"]
[Black "Rod_"]
[Result "1-0"]
[WhiteElo "2109"]
[BlackElo "1726"]

1. e4 e5 2. Nf3 Nc6 3. Bc4 Nf6 4. Ng5 d5 5. exd5 h6 6. Nxf7 Kxf7 7. dxc6+ Be6 8.
Bxe6+ Kxe6 9. cxb7 Rb8 10. O-O Rxb7 11. Qe2 Bd6 12. d4 e4 13. Nc3 Kf7 14. f3 Re8
15. fxe4 Bb4 16. Qc4+ Kg6 17. e5 Bxc3 18. bxc3 Qb8 19. exf6 gxf6 20. Qd3+ Kf7
21. Qh7+ Ke6 22. d5+ Kxd5 23. Qd7+ Kc5 24. Rf5+ Kb6 25. Qb5# 1-0

[Event "AUTO-OPEN-4102"]
[Site "http://www.queenalice.com/game.php?id=1586531"]
[Date "2019.10.11"]
[Round "1"]
[White "Fredo"]
[Black "Rod_"]
[Result "0-1"]
[WhiteElo "1952"]
[BlackElo "1687"]

1. e4 e5 2. f4 exf4 3. Bc4 Nc6 4. Nf3 d6 5. d4 Bg4 6. Bxf4 Bxf3 7. gxf3 Nf6 8.
Nc3 a6 9. Qd2 h6 10. O-O-O a5 11. Rhe1 b6 12. e5 dxe5 13. d5 Ne7 14. Bxe5 Qc8
15. d6 cxd6 16. Bxd6 Qxc4 17. b3 Qc6 18. Qe3 g5 19. Qe5 Qxf3 20. Bxe7 Nd7 21.
Bf6+ Nxe5 22. Rxe5+ Be7 23. Bxh8 f6 24. Re2 Kf7 25. Rde1 Ba3+ 26. Kb1 Rxh8 27.
Nb5 Bb4 0-1

[Event "AUTO-OPEN-4102"]
[Site "http://www.queenalice.com/game.php?id=1586532"]
[Date "2019.10.11"]
[Round "1"]
[White "Rod_"]
[Black "Fredo"]
[Result "0-1"]
[WhiteElo "1714"]
[BlackElo "1944"]

1. e4 c5 2. Nc3 Nc6 3. a3 e6 4. Nf3 d6 5. Bb5 Bd7 6. Bxc6 Bxc6 7. O-O Be7 8. d3
Nf6 9. e5 Nd5 10. Nxd5 exd5 11. exd6 Qxd6 12. Re1 O-O 13. h3 Bf6 14. c3 d4 15.
cxd4 cxd4 16. b4 a6 17. h4 Bxf3 18. Qxf3 Bxh4 19. Qg4 Bf6 20. Bf4 Qd5 21. g3 h5
22. Qh3 g6 23. Bh6 Bg7 24. Bd2 Qf3 25. Rac1 b5 26. Qg2 Qxd3 27. Kh2 Qxd2 28. Kg1
d3 29. Qd5 Rad8 30. Qb7 Bd4 31. Qf3 Rde8 32. Rf1 Qe2 33. Qxe2 dxe2 34. Rfe1 Re4
35. Rc6 Ra8 36. Kg2 a5 37. Kf3 Rae8 38. bxa5 Bc3 39. a6 Bxe1 0-1

[Event "AUTO-OPEN-4102"]
[Site "http://www.queenalice.com/game.php?id=1586551"]
[Date "2019.10.11"]
[Round "1"]
[White "alfonso"]
[Black "Rod_"]
[Result "1-0"]
[WhiteElo "1607"]
[BlackElo "1645"]

1. e4 e5 2. Qh5 d6 3. Bc4 Qf6 4. Qe2 Nc6 5. f3 Nd4 6. Qd3 Be6 7. c3 Bxc4 8. Qxc4
Nc2+ 9. Ke2 Nxa1 10. Qd3 Ne7 11. g4 Ng6 12. Qb5+ c6 13. Qxb7 Nf4+ 14. Kf1 c5 15.
Qxa8+ Ke7 16. Qxa7+ Ke6 17. Na3 Be7 18. d3 Qh4 19. Qa6 h5 20. Qc4+ Kf6 21. Bd2
hxg4 22. Be1 Qh5 23. h4 gxf3 24. Bf2 Qg4 25. Rh2 g5 26. hxg5+ Kg7 27. Rxh8 Kxh8
28. Qxf7 Qg2+ 29. Ke1 Nxd3+ 30. Kd2 Qxf2+ 31. Kxd3 Bxg5 32. Qh5+ Kg7 33. Qxg5+
Kf7 34. Kc4 Qf1+ 35. Kd5 Qd3+ 36. Kc6 Qa6+ 37. Kd5 Qb7+ 38. Kxd6 Qb6+ 39. Kd5
Qe6+ 40. Kxc5 Qc8+ 41. Kd5 Qe6+ 42. Kc5 f2 43. Qh5+ Ke7 44. Qh4+ Ke8 45. Qxf2
Qc8+ 46. Kb4 Qb7+ 47. Ka5 Qc7+ 48. Ka6 Qc8+ 49. Ka5 Qa8+ 50. Kb6 Qb8+ 51. Kc6
Qa8+ 52. Kd6 Qb8+ 53. Ke6 Qc8+ 54. Kxe5 1-0

[Event "AUTO-OPEN-4102"]
[Site "http://www.queenalice.com/game.php?id=1586552"]
[Date "2019.10.11"]
[Round "1"]
[White "Rod_"]
[Black "alfonso"]
[Result "0-1"]
[WhiteElo "1665"]
[BlackElo "1567"]

1. e4 e5 2. d4 Bd6 3. d5 Qf6 4. Nf3 Bb4+ 5. c3 Bc5 6. Bg5 Qd6 7. Nbd2 h6 8. Bh4
g5 9. Bg3 f6 10. Nc4 Qe7 11. Be2 h5 12. O-O b5 13. Ne3 g4 14. Nh4 a6 15. Ng6 Qg7
16. Nf5 Qxg6 17. b4 Bf8 18. f3 d6 19. c4 bxc4 20. Bxc4 Bd7 21. a4 a5 22. bxa5
Rxa5 23. Bb5 Bxb5 24. axb5 Rxb5 25. Qa4 c6 26. dxc6 Rc5 27. c7+ Kf7 28. cxb8=Q
Ne7 29. Qae8+ Ke6 30. Qxg6 Rc8 31. Nxe7 Rxb8 32. fxg4 Bxe7 33. Qf5+ Kf7 34. gxh5
Rbg8 35. Ra7 Ke8 36. Ra8+ Kf7 37. Rxg8 Rxg8 38. Qh7+ Rg7 39. Qh6 Kg8 40. Qe3 Rh7
41. Rc1 Rxh5 42. Rc8+ Kf7 43. Qa7 Ke6 44. h4 Rh7 45. Kf2 Kf7 46. Ke3 Rg7 47. Kf3
Ke6 48. h5 Rh7 49. Kg4 Rg7+ 50. Kh4 f5+ 51. Kh3 fxe4 52. Rc3 Rg5 53. Qa2+ Kf5
54. Qf7+ Bf6 0-1

[Event "AUTO-OPEN-4102"]
[Site "http://www.queenalice.com/game.php?id=1586561"]
[Date "2019.10.11"]
[Round "1"]
[White "od_xavier"]
[Black "Rod_"]
[Result "1-0"]
[WhiteElo "1572"]
[BlackElo "1721"]

1. a3 e5 2. f4 Nc6 3. d3 d6 4. Kf2 Nd4 5. Nh3 Qh4+ 6. Kg1 Bxh3 7. gxh3 exf4 8.
Bg2 O-O-O 9. Nd2 Nf6 10. b4 a6 11. c3 Nf5 12. Nf3 Qh6 13. Qb3 Qg6 14. Bxf4 1-0

[Event "AUTO-OPEN-4102"]
[Site "http://www.queenalice.com/game.php?id=1586562"]
[Date "2019.10.11"]
[Round "1"]
[White "Rod_"]
[Black "od_xavier"]
[Result "0-1"]
[WhiteElo "1610"]
[BlackElo "1610"]

1. e3 c6 2. d3 f6 3. Nc3 Qc7 4. Nf3 Kf7 5. g3 e6 6. a3 Bd6 7. Bg2 b5 8. e4 Ne7
9. Be3 Rf8 10. O-O Ng6 11. h3 Bb7 12. h4 Bxg3 13. fxg3 Qxg3 14. Ne2 Qc7 15. h5
Ne5 0-1